| 000 | 00734nam a22002057a 4500 | ||
|---|---|---|---|
| 999 |
_c6102 _d6102 |
||
| 005 | 20260212082659.0 | ||
| 008 | 260212b ||||| |||| 00| 0 eng d | ||
| 020 | _a9781445489827 | ||
| 040 | _cKH8 | ||
| 082 | _a823.92 FRE | ||
| 100 |
_aFreedman,Claire _eAuthor |
||
| 245 | _aScaredy Boo! | ||
| 260 |
_aChartist House 15-17 Trim Street,Bath BA1 1HA,UK _bParragon Books Ltd _c2014 |
||
| 300 |
_a13 pages _bColour illustration _c24cm x 28cm |
||
| 520 | _aA little monster named Scaredy Boo lives all alone under a bed because he is afraid of everything, until he meets a friendly fellow named Spike. -Library Thing- | ||
| 650 |
_aJuvenile Literature _vMonsters |
||
| 655 | _aEmotions | ||
| 655 | _aPicture Book | ||
| 942 |
_2ddc _cFIC |
||